Statystyki dla Waluty państw europejskich

Kliknij tutaj aby rozwiązać quiz!

Ogólne statystyki

  • Ten quiz został rozwiązany 53 razy
  • Średni wynik to 36 z 48

Statystyki odpowiedzi

PaństwoWaluta% Poprawnych
WłochyEuro
100%
HolandiaEuro
100%
WatykanEuro
100%
SłoweniaEuro
100%
SłowacjaEuro
100%
San MarinoEuro
100%
PortugaliaEuro
100%
NiemcyEuro
100%
MonakoEuro
100%
MaltaEuro
100%
ŁotwaEuro
100%
AndoraEuro
100%
LitwaEuro
100%
KosowoEuro
100%
IrlandiaEuro
100%
LuksemburgEuro
100%
HiszpaniaEuro
100%
CzarnogóraEuro
100%
FrancjaEuro
100%
AustriaEuro
100%
BelgiaEuro
100%
FinlandiaEuro
100%
GrecjaEuro
100%
EstoniaEuro
100%
ChorwacjaEuro
100%
CyprEuro
100%
PolskaZłoty
94%
CzechyKorona czeska
70%
RosjaRubel rosyjski
64%
LiechtensteinFrank szwajcarski
62%
SzwajcariaFrank szwajcarski
62%
DaniaKorona duńska
62%
NorwegiaKorona norweska
60%
SzwecjaKorona szwedzka
55%
BiałoruśRubel białoruski
53%
UkrainaHrywna
49%
IslandiaKorona islandzka
45%
WęgryForint
38%
Wielka BrytaniaFunt Szterling
36%
RumuniaLej rumuński
34%
BułgariaLew
34%
TurcjaLira turecka
34%
AlbaniaLek
26%
SerbiaDinar serbski
23%
Macedonia PółnocnaDenar
21%
Bośnia i HercegowinaMarka Zamienna
19%
KazachstanTenge
17%
MołdawiaLej Mołdawii
11%

Rozkład punktacji

Percentyl według liczby udzielonych odpowiedzi

Procent ludzi z każdym wynikiem

Twoja historia wyników

Nie rozwiązałeś tego quizu